00366 a2200109 4500001001000000005001700010008004100027245007500068100002000143700002300163773007000186ART_5128420260410161608.0260409a 10aLos estados contables de empresas que construyen sobre inmueble propio1 aSimaro, Gustavo1 aTorchelli, Valeria0 tProfesional & Empresariag- Año XXI, Nº 248 (mayo 2020)wREV70